Top 10 Rappers of All-Time - Statistics

General Stats
  • This quiz has been taken 4,990 times
  • The average score is 6 of 10
Answer Stats
Rank Rapper % Correct
#1 Tupac
92%
#2 Eminem
88%
#3 Notorious B.I.G
87%
#9 Jay-Z
68%
#7 Ice Cube
63%
#4 Dr. Dre
62%
#8 Nas
60%
#5 Kendrick Lamar
54%
#6 50-Cent
50%
#10 Childish Gambino
11%
No matching quizzes found
Score Distribution
Percent of People with Each Score
Percentile by Number Answered
Your Score History
You have not taken this quiz